Produkcia a analýza bioaktívnych látok streptomycét izolovaných z hostiteľskej rastliny
Gespeichert in:
| 1. Verfasser: | |
|---|---|
| Format: | Software Buch |
| Sprache: | Slowakisch |
| Veröffentlicht: |
Bratislava
STU FCHPT
2012
|
| Online-Zugang: | Im OPAC anzeigen |
| Tags: |
Keine Tags, Fügen Sie das erste Tag hinzu!
|
MARC
| LEADER | 00000nam a2200000 a 4500 | ||
|---|---|---|---|
| 005 | 20260127134021.0 | ||
| 007 | co ugu | ||
| 008 | 120709 2012 xo 000 0 slo d | ||
| 035 | |a vtls010434583 | ||
| 039 | 9 | |y 201207091301 |z mschk03 | |
| 040 | |a STUSCHK1 |b slo |c STUSCHK1 |e AACR2 | ||
| 100 | 1 | |a Sipos, Tamás | |
| 245 | 1 | |a Produkcia a analýza bioaktívnych látok streptomycét izolovaných z hostiteľskej rastliny |c Tamás Sipos | |
| 260 | |a Bratislava |b STU FCHPT |c 2012 | ||
| 300 | |a 1 elektronický disk | ||
| 500 | |a Obháj.: 4.6. 2012 | ||
| 500 | |a Študijný program: biotechnológia | ||
| 500 | |a Študijný odbor: 5.2.25 biotechnológie | ||
| 500 | |a Miesto vypracovania: Oddelenie biochemickej technológie, FCHPT | ||
| 500 | |a Evidenčné číslo: FCHPT-5421-50629 | ||
| 500 | |a Diplomová práca na CD-ROMe | ||
| 910 | |a SCHK95 | ||
| 999 | |c 2182 |d 2182 | ||